| 000 | 01341cam a22002414a 4500 | ||
|---|---|---|---|
| 005 | 20250605164131.0 | ||
| 008 | 250528s ||||||||||||||||||||||||d | ||
| 035 | _a18630 | ||
| 020 | _a810937433 | ||
| 040 |
_aGR-AtMCL _bgre _dGR-AtMCL _eAACR2 |
||
| 245 | 1 | _aPrintmaking in America / Collaborative Prints and Presses 1960-1990 | |
| 260 |
_bHarry N. Abrams, Inc, _c1996 |
||
| 300 | _a250 | ||
| 505 | 0 | _aLenders to the Exhibition, Introduction and Acknowledgements, Collaboration in American Printmaking Before 1960, Multiple Visions: Printers and Artists and Promoter and Patrons, Printmaking 1960 to 1990, Multiple Purposes: Collaboration and Education in University and Non-Profit Workshops, Exhibition Checklist, The plates, Selected Bibliography, Index. | |
| 520 | _aLenders to the Exhibition, Introduction and Acknowledgements, Collaboration in American Printmaking Before 1960, Multiple Visions: Printers and Artists and Promoter and Patrons, Printmaking 1960 to 1990, Multiple Purposes: Collaboration and Education in University and Non-Profit Workshops, Exhibition Checklist, The plates, Selected Bibliography, Index. | ||
| 700 | 1 |
_aHansen Trudy V _94897 |
|
| 700 | 1 |
_aMickenberg David _94898 |
|
| 700 | 1 |
_aMoser Joann _94899 |
|
| 700 | 1 |
_aWalker Barry _94900 |
|
| 942 | _cBK | ||
| 999 |
_c3977 _d3977 |
||